[Event "Cairnhill op 17th"]
[Site "Singapore"]
[Date "1999.12.11"]
[Round "5"]
[White "Ruddy, Lantang"]
[Black "Tay, Junior"]
[Result "1-0"]
[WhiteElo "2210"]
[BlackElo "2180"]
[PlyCount "57"]
[EventDate "1999.12.08"]
[EventType "swiss"]
[EventRounds "7"]
[EventCountry "SIN"]
[SourceTitle "CBM 073 Extra"]
[Source "ChessBase"]
[SourceDate "2000.01.11"]
[SourceVersion "1"]
[SourceVersionDate "2000.01.11"]
[SourceQuality "1"]

1. e4 c5 2. Nf3 d6 3. d4 cxd4 4. Nxd4 Nf6 5. Nc3 g6 6. Be3 Bg7 7. f3 Nc6 8. Qd2 0-0 9. Bc4 Bd7 10. 0-0-0 Ne5 11. Bb3 Qa5 12. Kb1 Rfc8 13. a4 b5 14. h4 Nc4 15. Bxc4 bxc4 16. Ka1 Rab8 17. Rb1 Rb4 18. Nde2 Rcb8 19. Bd4 e5 20. Be3 d5 21. exd5 e4 22. g4 Nh5 23. fxe4 Ng3 24. Nxg3 Rxb2 25. Bd4 Ra2+ 26. Nxa2 Rxb1+ 27. Rxb1 Qxa4 28. Rb8+ Bf8 29. Bc5 1-0